000 00951nam a22002055i 4500
001 152786
003 ES-MaACL
005 20250901102124.0
008 051018s1891 sp | |||||||| ||spa d
040 _aCAM
_bspa
_cCAM
100 1 _aBrunet, Avelino.
_932156
245 1 0 _aInforme pronunciado en 2 de junio 1890 /
_cpor Avelino Brunet y Alsina, representando la Cámara de Comercio de Tarrasa ante la Comisión Oficial nombrada para el estudio de la reforma arancelaria y de los tratados de comercio.
260 _aBarcelona :
_b[s.n.],
_c1891 (
_fTip. "La Academia" de la viuda é hijos de E. Ullastres y Cª)
300 _a22 cm ;
_c24 cm.
650 7 _aComercio
_2embne
_911157
650 7 _aAranceles de aduanas
_2embne
_9135594
710 2 _aCámara Oficial de Comercio e Industria de Tarrasa
_9134319
852 _aES-MaACL
_jT-540-F-8
_z-- Enc. hol. conservando la cub. original
_z-- Donativo del autor
999 _c152786
_d152786